00665nam a2200145Ia 4500008004100000050002400041100003100065245014600096260008600242300002800328521003000356942000700386999001900393952010700412140724s9999 xx 000 0 und d aHF 5549b.M266 2011 aManansala, Paul Meebert G. aPerformance evaluation of outsource aides and maintenance staff of Southville International School and Colleges /cPaul Meebert G. Manansala. aLas Piñas, Philippines :bSouthville International School and Colleges,cc2011. a54 p. :bill. ;c28 cm. aHuman Resource Management cTH c228701d228701 001040aCLbCLcTHESESd2014-07-24l0oHF 5549 .M266 2011pT0055r2018-05-15 00:00:00w2014-07-24yTH